US Most Common Last Names (A-Z) Quiz Stats

 Plays Quiz Updated Mar 22, 2018

Score 0/26 Timer 06:00
5 Plays Today
First Letter Last Name % Correct
SSmith
95.4%
JJohnson
72%
WWilliams
55.9%
BBrown
47.3%
AAnderson
44.8%
DDavis
29.3%
MMiller
26.4%
YYoung
24.6%
HHarris
19.9%
TTaylor
18.6%
NNelson
13.8%
LLewis
13.6%
KKing
13.2%
First Letter Last Name % Correct
EEvans
11.6%
CClark
11.3%
QQuinn
11.2%
RRobinson
11.1%
GGarcia
8.3%
OOwens
8%
ZZimmerman
7.8%
UUnderwood
5.2%
PPerez
3.9%
IIngram
2.1%
XXiong
2.1%
FFlores
2.1%
VVasquez
2%

You're not logged in!

Compare scores with friends on all Sporcle quizzes.
OR
Log In

Sporcle TV

Today on Sporcle TV


Watch our educational content, quiz creation guides, and fun videos on Sporcle TV.

Show Comments

Extras

Top Quizzes Today


Score Distribution

Your Account Isn't Verified!

In order to create a playlist on Sporcle, you need to verify the email address you used during registration. Go to your Sporcle Settings to finish the process.

Report this User

Report this user for behavior that violates our Community Guidelines.

Details: